[Event "COL-ch Seniors"]
[Site "Cartagena"]
[Date "2016.10.27"]
[Round "3"]
[White "Meneses, Elias"]
[Black "Hoyos Campuzano, Efrain"]
[Result "0-1"]
[WhiteElo "1682"]
[BlackElo "1820"]
[PlyCount "29"]
[EventDate "2016.10.26"]
[EventType "swiss"]
[EventRounds "7"]
[EventCountry "COL"]
[SourceTitle "EXT 2018"]
[Source "ChessBase"]
[SourceDate "2017.10.13"]
[SourceVersion "1"]
[SourceVersionDate "2017.10.13"]
[SourceQuality "1"]

1. d4 d5 2. c4 c6 3. Nf3 e6 4. Nc3 Nf6 5. Bg5 Be7 6. e3 0-0 7. Bd3 Qb6 8. Qe2 h6 9. Bh4 Bd7 10. 0-0 Na6 11. c5 Qc7 12. Bxf6 Bxf6 13. e4 b6 14. e5 Be7 15. Rfb1 0-1

[Event "COL-ch Seniors"]
[Site "Cartagena"]
[Date "2016.10.27"]
[Round "4"]
[White "Rojas Mendoza, Alfredo"]
[Black "Meneses, Elias"]
[Result "1-0"]
[WhiteElo "1910"]
[BlackElo "1682"]
[PlyCount "57"]
[EventDate "2016.10.26"]
[EventType "swiss"]
[EventRounds "7"]
[EventCountry "COL"]
[SourceTitle "EXT 2018"]
[Source "ChessBase"]
[SourceDate "2017.10.13"]
[SourceVersion "1"]
[SourceVersionDate "2017.10.13"]
[SourceQuality "1"]

1. d4 Nf6 2. c4 e6 3. Nc3 b6 4. Nf3 Bb7 5. Qc2 d6 6. e4 h6 7. Be2 Nfd7 8. 0-0 Be7 9. Be3 e5 10. d5 Nf6 11. h3 0-0 12. Nh2 Bc8 13. f4 Nbd7 14. f5 Nc5 15. b4 Ncd7 16. Qd2 Nh7 17. Nf3 Ng5 18. Nh2 a6 19. h4 Nh7 20. g3 Kh8 21. Rf2 Rg8 22. Nf3 Ndf6 23. Nh2 Ne8 24. Rg2 g5 25. hxg5 Bxg5 26. Nf3 Bxe3+ 27. Qxe3 Ng5 28. Kf1 Nxf3 29. Qxh6# 1-0

[Event "Monteria op"]
[Site "Monteria"]
[Date "2011.11.13"]
[Round "4"]
[White "Jimenez Molina, Juan Leon"]
[Black "Meneses, Elias"]
[Result "0-1"]
[WhiteElo "2186"]
[BlackElo "1628"]
[PlyCount "64"]
[EventDate "2011.11.12"]
[EventType "swiss"]
[EventRounds "7"]
[EventCountry "COL"]
[SourceTitle "EXT 2012"]
[Source "ChessBase"]
[SourceDate "2011.11.24"]
[SourceVersion "1"]
[SourceVersionDate "2011.11.24"]
[SourceQuality "1"]

1. e4 d6 2. Nc3 Nf6 3. Nf3 g6 4. Bc4 e6 5. 0-0 Nbd7 6. d3 Bg7 7. Bg5 c6 8. d4 Qc7 9. Bb3 0-0 10. Re1 Re8 11. e5 dxe5 12. Nxe5 Nd5 13. Nxd5 cxd5 14. Ba4 f6 15. Bxd7 Bxd7 16. Nxd7 Qxd7 17. Bf4 e5 18. dxe5 fxe5 19. Bg3 Qc6 20. f4 e4 21. Rc1 Bxb2 22. Rb1 Bc3 23. Re2 Rad8 24. Be1 Bg7 25. Rb3 Rd7 26. Bf2 d4 27. Qc1 d3 28. Re3 Bd4 29. Rexd3 Bxf2+ 30. Kxf2 Rxd3 31. Qa3 Qxc2+ 32. Kg1 Rd1# 0-1